[Event "Bremen-ch"]
[Site "Bremen"]
[Date "2019.04.15"]
[Round "4.14"]
[White "Krueger, Joern"]
[Black "Buhrdorf, Axel"]
[Result "1/2-1/2"]
[WhiteElo "1928"]
[BlackElo "1798"]
[PlyCount "40"]
[EventDate "2019.04.13"]
[EventType "swiss"]
[EventRounds "9"]
[EventCountry "GER"]
[SourceTitle "EXT 2020"]
[Source "ChessBase"]
[SourceDate "2019.10.17"]
[SourceVersion "1"]
[SourceVersionDate "2019.10.17"]
[SourceQuality "1"]

1. c4 e6 2. d4 d5 3. Nc3 Nf6 4. Bg5 Be7 5. cxd5 exd5 6. Qc2 c6 7. e3 h6 8. Bh4 0-0 9. Bd3 Re8 10. Nge2 Nbd7 11. 0-0 Nh5 12. Bxe7 Qxe7 13. Rae1 Nb6 14. Ng3 Nxg3 15. hxg3 Qf6 16. b3 Bg4 17. a4 Nc8 18. b4 Ne7 19. Rb1 Red8 20. Rfc1 Rac8 1/2-1/2

[Event "Stuttgart-chA"]
[Site "Stuttgart"]
[Date "2003.??.??"]
[Round "?"]
[White "Krueger, Joern"]
[Black "Heimsoth, Sven Holger"]
[Result "0-1"]
[WhiteElo "1850"]
[BlackElo "2165"]
[PlyCount "68"]
[EventDate "2003.??.??"]
[EventType "swiss"]
[EventRounds "9"]
[EventCountry "GER"]
[SourceTitle "EXT 2007"]
[Source "ChessBase"]
[SourceDate "2006.11.23"]
[SourceVersion "1"]
[SourceVersionDate "2006.11.23"]
[SourceQuality "1"]

1. d4 e6 2. c4 Nf6 3. Nc3 Bb4 4. e3 b6 5. Nf3 Bb7 6. Be2 0-0 7. 0-0 Bxc3 8. bxc3 Ne4 9. Qc2 f5 10. Nd2 Rf6 11. Bf3 Rh6 12. Bxe4 fxe4 13. f4 Qh4 14. h3 d5 15. cxd5 exd5 16. Rf2 Rg6 17. f5 Rg5 18. Ba3 Qxh3 19. f6 gxf6 20. Nxe4 dxe4 21. Qb3+ Bd5 22. Qxd5+ Rxd5 23. gxh3 Nd7 24. c4 Ra5 25. Bc1 Ra4 26. Rc2 c5 27. Kf2 Rc8 28. d5 Ne5 29. Kg3 Kf7 30. Kf4 Nxc4 31. Rg2 Rd8 32. Kxe4 Nd2+ 33. Kd3 Rxd5+ 34. Ke2 Nb3 0-1

[Event "Stuttgart-chA"]
[Site "Stuttgart"]
[Date "2003.??.??"]
[Round "?"]
[White "Ruprich, Udo"]
[Black "Krueger, Joern"]
[Result "1-0"]
[WhiteElo "2000"]
[BlackElo "1850"]
[PlyCount "83"]
[EventDate "2003.??.??"]
[EventType "swiss"]
[EventRounds "9"]
[EventCountry "GER"]
[SourceTitle "EXT 2007"]
[Source "ChessBase"]
[SourceDate "2006.11.23"]
[SourceVersion "1"]
[SourceVersionDate "2006.11.23"]
[SourceQuality "1"]

1. e4 c5 2. Nf3 e6 3. Nc3 Nc6 4. d4 cxd4 5. Nxd4 a6 6. g3 Nf6 7. Bg2 d6 8. 0-0 Bd7 9. Be3 Qc7 10. Qe2 Rd8 11. Rad1 Be7 12. Nb3 b5 13. f4 0-0 14. Bf3 Ne8 15. Qf2 Rb8 16. Rd2 Na5 17. Nxa5 Qxa5 18. a3 b4 19. axb4 Qxb4 20. Nd1 Bc6 21. c3 Qb7 22. Qg2 Nf6 23. Nf2 Nd7 24. Nd3 Nb6 25. b3 d5 26. e5 Rfc8 27. Ra1 Nd7 28. b4 Nb6 29. Rda2 Bb5 30. Nc5 Qc6 31. Bd4 Bxc5 32. Bxc5 Nc4 33. Bd4 Ra8 34. f5 Rd8 35. g4 Rac8 36. Re1 Qc7 37. Qh3 Re8 38. f6 gxf6 39. exf6 Qf4 40. g5 Kh8 41. g6 Qg5+ 42. Rg2 1-0